Looe Fuels v Looe Harbour Commissioners (Record no. 80274)
[ view plain ]
| 000 -LEADER | |
|---|---|
| fixed length control field | 01805cad a22002055a 4500 |
| 001 - CONTROL NUMBER | |
| control field | L143780 |
| 008 - FIXED-LENGTH DATA ELEMENTS--GENERAL INFORMATION | |
| fixed length control field | 080530e20080428xxk f v 000 0 eng d |
| 035 ## - SYSTEM CONTROL NUMBER | |
| System control number | (Sirsi) u143780 |
| 041 0# - LANGUAGE CODE | |
| Language code of text/sound track or separate title | eng |
| 245 00 - TITLE STATEMENT | |
| Title | Looe Fuels v Looe Harbour Commissioners |
| Medium | [electronic resource] |
| 260 ## - PUBLICATION, DISTRIBUTION, ETC. | |
| Date of publication, distribution, etc. | 2008 |
| 520 ## - SUMMARY, ETC. | |
| Summary, etc. | [2008] EWCA Civ 414. Usually, agreements to make dispositions of land must be in writing. This case shows that an oral agreement may be enough for a landlord to be obliged to grant a tenant a lease. The appellant landlord harbour commissioners (H) appealed against a decision that they had orally bound themselves to grant a lease of a fuel tank to the respondent company (L), and that it was enforceable. Originally, the landlord wanted to grant a lease for fishing boats to a new tenant at a higher rent. The existing tenant claimed it had an oral agreement with the landlord to renew the lease. The landlord denied any oral agreement had been made. Held: appeal dismissed. The original judge had been entitled to conclude on the evidence that all present at a commissioners board meeting knew and understood that what they were approving was the type of facility that was going to be operated by L. An oral agreement had thus been reached. The original judge had also been entitled to hold that the agreed rent was the best rent reasonably obtainable. |
| 590 ## - LOCAL NOTE (RLIN) | |
| Local note | KA |
| 650 24 - SUBJECT ADDED ENTRY--TOPICAL TERM | |
| Topical term or geographic name entry element | LAW OF PROPERTY (MISCELLANEOUS PROVISIONS) ACT 1989 |
| 650 24 - SUBJECT ADDED ENTRY--TOPICAL TERM | |
| Topical term or geographic name entry element | LOOE FUELS V LOOE HARBOUR COMMISSIONERS |
| 651 #4 - SUBJECT ADDED ENTRY--GEOGRAPHIC NAME | |
| Geographic name | England and Wales |
| Chronological subdivision | 1543- |
| 690 ## - LOCAL SUBJECT ADDED ENTRY--TOPICAL TERM (OCLC, RLIN) | |
| Topical term or geographic name as entry element | PROPERTY-COMMERCIAL PROPERTY-COMMERCIAL LANDLORD AND TENANT-COMMERCIAL LEASES-ASSIGNMENT OF COMMERCIAL LEASES |
| 856 40 - ELECTRONIC LOCATION AND ACCESS | |
| Uniform Resource Identifier | <a href="https://www.bailii.org/ew/cases/EWCA/Civ/2008/414.html">https://www.bailii.org/ew/cases/EWCA/Civ/2008/414.html</a> |
| Public note | View the judgment free of charge at www.bailii.org... |
| 942 ## - ADDED ENTRY ELEMENTS (KOHA) | |
| Suppress in OPAC | 0 |
| Withdrawn status | Lost status | Source of classification or shelving scheme | Damaged status | Not for loan | Home library | Current library | Shelving location | Date acquired | Total Checkouts | Full call number | Barcode | Date last seen | Copy number | Price effective from | Koha item type |
|---|---|---|---|---|---|---|---|---|---|---|---|---|---|---|---|
| Dewey Decimal Classification | Virtual | Virtual | Online | 30/05/2008 | ONLINE PUBLICATION | 143780-1001 | 06/08/2019 | 1 | 06/08/2019 | Law report |